[Event "The Third Jerusalem Open"]
[Site "SchemingMind.com"]
[Date "2009.02.13"]
[Round "-"]
[White "nikita68"]
[Black "reptile"]
[Result "1-0"]
[WhiteCountry "RUS"]
[BlackCountry "ISR"]
[WhiteElo "2037"]
[WhiteRD "93"]
[BlackElo "1890"]
[BlackRD "77"]
[GameID "192159"]

1. d4 Nf6 2. c4 g6 3. Nc3 Bg7 4. Nf3 d5 5. Qb3 dxc4 6. Qxc4 O-O 7. e4 Bg4 8. Be3 Nfd7 9. Qb3 c5 10. d5 Na6
11. Be2 Bxf3 12. Bxf3 c4 13. Qxc4 Rc8 14. Qb5 Nac5 15. O-O a6 16. Qe2 Ne5 17. Rfd1 Qa5 18. Bg5 Rfe8 19. Rab1 b5 20. b4 Qa3
21. bxc5 Qxc3 22. Rdc1 Nxf3+ 23. Qxf3 Qxf3 24. gxf3 h6 25. Be3 g5 26. f4 f5 27. fxg5 fxe4 28. gxh6 Be5 29. Rb4 Rcd8 30. Rd1 Kh7
31. Rxe4 Bf6 32. Re6 Rg8+ 33. Kh1 Kg6 34. Rxa6 Kf5 35. Rb6 Ke4 36. Rxb5 Kf3 37. a4 Be5 38. a5 Rg2 39. Rb3 Rxh2+ 40. Kg1 Rh5
41. Bg5+ Ke4 42. f3+ Kf5 43. Bxe7 Rg8+ 44. Kf2 Rh2+ 45. Ke3 Rgg2 46. d6 Rc2 47. d7
1-0

[Event "The Third Jerusalem Open"]
[Site "SchemingMind.com"]
[Date "2009.02.13"]
[Round "-"]
[White "reptile"]
[Black "nikita68"]
[Result "0-1"]
[WhiteCountry "ISR"]
[BlackCountry "RUS"]
[WhiteElo "1890"]
[WhiteRD "77"]
[BlackElo "2037"]
[BlackRD "93"]
[GameID "192160"]

1. d4 Nf6 2. c4 e6 3. Nc3 Bb4 4. e3 O-O 5. Bd3 d5 6. Nf3 c5 7. O-O dxc4 8. Bxc4 cxd4 9. exd4 b6 10. Bg5 Bb7
11. Rc1 Nc6 12. a3 Be7 13. Re1 Rc8 14. Ba2 h6 15. Bh4 a6 16. Bb1 Re8 17. h3 Nd5 18. Bxe7 Ncxe7 19. Ne4 Rxc1 20. Qxc1 Qb8
21. Ne5 Rc8 22. Qd1 f6 23. Nf3 Kh8 24. Ng3 Qd6 25. Qd3 g6 26. Ne2 Kg7 27. Nh4 f5 28. Nf3 b5 29. b4 Rc7 30. h4 Nf6
31. Qd2 Bxf3 32. gxf3 e5 33. Kh1 Nc6 34. Rd1 Rd7 35. d5 Qxd5 36. Qxd5= Rxd5 37. Rxd5 Nxd5 38. h5 Kf6 39. hxg6 Kxg6 40. Kg2 Nd4
41. Ba2 Nxe2
0-1

[Event "The Third Jerusalem Open"]
[Site "SchemingMind.com"]
[Date "2009.02.15"]
[Round "-"]
[White "CenturyBugs"]
[Black "reptile"]
[Result "0-1"]
[WhiteCountry "ENG"]
[BlackCountry "ISR"]
[WhiteElo "1957"]
[WhiteRD "87"]
[BlackElo "1890"]
[BlackRD "77"]
[GameID "192568"]

1. d4 Nf6 2. c4 e6 3. Nc3 Bb4 4. Qc2 O-O 5. Nf3 c5 6. dxc5 Bxc5 7. Bf4 Nc6 8. a3 d5 9. cxd5 exd5 10. b4 Be7
11. b5 Na5 12. e3 Nc4 13. a4 Qa5 14. O-O-O Ba3+ 15. Kb1 Qb4+ 16. Ka2 Bb2 17. Nb1 Be6 18. Qb3 Qc5 19. Qc2 Rac8 20. Bxc4 dxc4
21. Kxb2 Qb4+ 22. Kc1 c3 23. Bd6 Qg4 24. Ne5 Qh5 25. Bxf8 Kxf8 26. Nd3 Nd5 27. Rde1 Qh6 28. Ne5 Qf6 29. f4 Nb4 30. Qxh7 Bf5
31. Qh8+ Ke7 32. Qxc8 Na2+ 33. Kd1 Bxc8 34. Rhf1 Qd6+ 35. Kc2 Qb4 36. Kd3 f6 37. Ng6+ Kf7 38. f5 a6 39. e4 axb5 40. Nh8+ Kg8
41. Ng6 Qc4+ 42. Ke3 Qc5+ 43. Kf3 c2 44. axb5 c1=Q 45. Ne7+ Qxe7 46. Rxc1 Nxc1 47. Rxc1 Qd8 48. Ke3 Bd7 49. Rd1= Qb6+ 50. Rd4 Bxb5
51. Nd2 Qc5 52. Nf3 Ba4 53. Kf4 Qc7+ 54. Ke3 b5 55. Ke2 Bb3 56. g3 Bc4+ 57. Ke3 b4 58. Nd2 Ba2 59. Rd3 Qc5+ 60. Kf3 Qc2
61. Ke3 b3 62. Rd8+ Kh7 63. Ra8 Qd1 64. g4 Qe1+ 65. Kd3 Bb1+ 66. Nxb1 Qxb1+ 67. Kd4 b2 68. Rb8 Qd1+ 69. Ke3 b1=Q 70. Rxb1 Qxb1
71. h3 Kh6 72. e5 Qe1+ 73. Kf3 Qxe5 74. h4 g6 75. fxg6 Kxg6 76. Kg2 f5 77. gxf5+ Qxf5 78. Kg3 Kh5 79. Kh2 Kxh4 80. Kg2 Kg4
81. Kh2 Qc2+ 82. Kg1 Kg3 83. Kf1 Qf2#
0-1

[Event "The Third Jerusalem Open"]
[Site "SchemingMind.com"]
[Date "2009.02.15"]
[Round "-"]
[White "CenturyBugs"]
[Black "nikita68"]
[Result "1-0"]
[WhiteCountry "ENG"]
[BlackCountry "RUS"]
[WhiteElo "1993"]
[WhiteRD "76"]
[BlackElo "1919"]
[BlackRD "91"]
[GameID "192569"]

1. e4 c5 2. Nf3 d6 3. Bc4 e6 4. d4 cxd4 5. Nxd4 Nf6 6. Nc3 a6 7. Bb3 b5 8. O-O Be7 9. Qe2 O-O 10. a3 e5
11. Nf3 Nc6 12. Rd1 Bg4 13. Be3 Rc8 14. Nd5 Nxd5 15. Bxd5 Qd7 16. c4 bxc4 17. Bxc4 a5 18. b3 Kh8 19. Rac1 f5 20. Bd5 f4
21. Bb6 Bd8 22. Bxd8 Nd4 23. Qd3 Bxf3 24. gxf3 Rfxd8 25. Kg2 Qe7 26. Rxc8 Rxc8 27. Qa6 Qd8 28. b4 axb4 29. axb4
1-0

[Event "The Third Jerusalem Open"]
[Site "SchemingMind.com"]
[Date "2009.02.15"]
[Round "-"]
[White "reptile"]
[Black "CenturyBugs"]
[Result "1-0"]
[WhiteCountry "ISR"]
[BlackCountry "ENG"]
[WhiteElo "1979"]
[WhiteRD "81"]
[BlackElo "1986"]
[BlackRD "81"]
[GameID "192570"]

1. d4 d5 2. c4 c6 3. Nf3 e6 4. Nc3 dxc4 5. Bg5 f6 6. Bd2 b5 7. a4 b4 8. Ne4 f5 9. Ng3 Ba6 10. e4 fxe4
11. Nxe4 Qd5 12. Neg5 h6 13. Nh3 Nd7 14. Nf4 Qf5 15. Be2 Be7 16. O-O Bd6 17. Nh4 Qf6 18. Bh5+ Kd8 19. Nhg6 Rh7 20. Re1 Kc7
21. Rxe6 Qf5 22. Qf3 Rb8 23. Bg4 Qa5 24. Rxd6 Kxd6 25. Ne6 Qf5 26. Bxf5 Rb5 27. Bf4+ Ne5 28. dxe5+ Kd7 29. Ngf8+ Ke7 30. Qxc6 Rxe5
31. Bxe5 Kf7 32. Bg6+ Ke7 33. Qd7#
1-0

[Event "The Third Jerusalem Open"]
[Site "SchemingMind.com"]
[Date "2009.02.15"]
[Round "-"]
[White "nikita68"]
[Black "CenturyBugs"]
[Result "1-0"]
[WhiteCountry "RUS"]
[BlackCountry "ENG"]
[WhiteElo "1993"]
[WhiteRD "83"]
[BlackElo "1986"]
[BlackRD "81"]
[GameID "192571"]

1. d4 d5 2. c4 dxc4 3. e3 e5 4. Bxc4 exd4 5. exd4 Nf6 6. Qb3 Qe7+ 7. Ne2 Nbd7 8. O-O Nb6 9. Nbc3 Nxc4 10. Qxc4 c6
11. Bg5 Qd6 12. Nf4 Be7 13. Bxf6 Qxf6 14. d5 Bd7 15. dxc6 Qxc6 16. Qe2 Kd8 17. Rac1 Bc5 18. Ne4 Re8 19. Rxc5 Qxe4 20. Qd2 b6
21. Rd1 Re7 22. Rd5 Qa4 23. b3 Qc6 24. Rd6 Qc7 25. Rd3 Qc6 26. Nd5 Re6 27. Qg5+ Ke8 28. Qxg7 Kd8 29. Qxf7 Qd6 30. Nf4 Rf6
31. Qg8+ Rf8 32. Qxh7 Kc7 33. Rxd6 Rxf4 34. Qxd7+ Kb8 35. Rxb6+ axb6 36. Qd6+ Kb7 37. Qxf4 Rc8 38. Rd7+ Kc6 39. Qd4 Kb5 40. Qa4+ Kc5
41. Qc4#
1-0

[Event "The Third Jerusalem Open"]
[Site "SchemingMind.com"]
[Date "2009.02.19"]
[Round "-"]
[White "Artur"]
[Black "reptile"]
[Result "1-0"]
[WhiteCountry "POL"]
[BlackCountry "ISR"]
[WhiteElo "1812"]
[WhiteRD "89"]
[BlackElo "1934"]
[BlackRD "86"]
[GameID "192984"]

1. e4 e5 2. Nf3 Nc6 3. Bc4 Bc5 4. O-O Nf6 5. d4 Bxd4 6. Nxd4 Nxd4 7. Bg5 d6 8. f4 Be6 9. Bxe6 Nxe6 10. Bxf6 Qxf6
11. f5 Nf4 12. c4 O-O-O 13. Nc3 c6 14. g3 Qg5 15. Kh1 Nh3 16. Qa4 Qe3 17. Kg2 Ng5 18. Rae1 Qd2+ 19. Re2 Qd4 20. Rd1 Qc5
21. h4 h6 22. hxg5 hxg5 23. Kf3 Rh6 24. Qb3 Rdh8 25. Na4 Qa5 26. Qa3 Qd8 27. Nc3 Kb8 28. Red2 g4+ 29. Kxg4 Rh4+ 30. gxh4 Qxh4+
31. Kf3 c5 32. Rf2 Qg5 33. Rdf1 Rh3+ 34. Ke2 Qe3+ 35. Kd1 Qd3+ 36. Kc1 Qxc4 37. Qa4 Qd3 38. Qe8+ Kc7 39. Nd5+
1-0

[Event "The Third Jerusalem Open"]
[Site "SchemingMind.com"]
[Date "2009.02.21"]
[Round "-"]
[White "Artur"]
[Black "nikita68"]
[Result "1-0"]
[WhiteCountry "POL"]
[BlackCountry "RUS"]
[WhiteElo "1814"]
[WhiteRD "88"]
[BlackElo "1930"]
[BlackRD "90"]
[GameID "192985"]

1. e4 c5 2. Nc3 e6 3. f4 Nc6 4. Nf3 d5 5. d3 d4 6. Ne2 b6 7. Ng3 h5 8. h4 g6 9. e5 Nh6 10. Ne4 Be7
11. g3 Nf5 12. Bg2 Nb4 13. Nh2 Nxh4 14. gxh4 Bxh4+ 15. Kf1 Be7 16. Nd6+ Bxd6 17. Bxa8
1-0

[Event "The Third Jerusalem Open"]
[Site "SchemingMind.com"]
[Date "2009.02.21"]
[Round "-"]
[White "Artur"]
[Black "CenturyBugs"]
[Result "0-1"]
[WhiteCountry "POL"]
[BlackCountry "ENG"]
[WhiteElo "1771"]
[WhiteRD "94"]
[BlackElo "1903"]
[BlackRD "74"]
[GameID "192986"]

1. e4 c5 2. Nc3 Nc6 3. f4 e6 4. Bc4 Nf6 5. e5 d5 6. exf6 dxc4 7. Qe2 Qxf6 8. Qxc4 Qg6 9. Qe4 f5 10. Qe2 Nd4
11. Qf1 Nxc2+ 12. Kd1 Nxa1 13. Qb5+ Kf7 14. g3 Be7 15. Nf3 Qg4 16. Qe2 Bf6 17. d3 Rd8 18. Bd2 b6 19. Kc1 Bb7 20. Re1 Qxf3
21. Qxe6+ Kg6 22. Re5 Qxd3
0-1

[Event "The Third Jerusalem Open"]
[Site "SchemingMind.com"]
[Date "2009.02.19"]
[Round "-"]
[White "reptile"]
[Black "Artur"]
[Result "1-0"]
[WhiteCountry "ISR"]
[BlackCountry "POL"]
[WhiteElo "1985"]
[WhiteRD "83"]
[BlackElo "1787"]
[BlackRD "89"]
[GameID "192987"]

1. d4 d5 2. c4 e6 3. Nc3 Nf6 4. Nf3 Nbd7 5. Bg5 c6 6. cxd5 exd5 7. e3 Qa5 8. Nd2 Bb4 9. Qc2 Ne4 10. Ndxe4 dxe4
11. Bh4 O-O 12. Be2 Nb6 13. O-O f5 14. a3 Bxc3 15. bxc3 Be6 16. c4 Qa4 17. Qxa4 Nxa4 18. Rfc1 c5 19. d5 Bd7 20. Rab1 Nb6
21. Bd1 Bc8 22. Be7 Rf7 23. Bxc5 Na4 24. Bxa4
1-0

[Event "The Third Jerusalem Open"]
[Site "SchemingMind.com"]
[Date "2009.02.19"]
[Round "-"]
[White "nikita68"]
[Black "Artur"]
[Result "1-0"]
[WhiteCountry "RUS"]
[BlackCountry "POL"]
[WhiteElo "1961"]
[WhiteRD "86"]
[BlackElo "1812"]
[BlackRD "89"]
[GameID "192988"]

1. d4 d5 2. c4 e6 3. Nc3 Nf6 4. cxd5 exd5 5. Bg5 Be7 6. e3 O-O 7. Bd3 Nbd7 8. Nf3 Re8 9. O-O c6 10. Qc2 Nf8
11. Rab1 a5 12. a3 Ng6 13. h3 Nd7 14. Bxe7 Rxe7 15. Bxg6 hxg6 16. e4 dxe4 17. Nxe4 Nf6 18. Nxf6+ gxf6 19. Rbe1 Bf5 20. Qc3 Be4
21. Nd2 Bd5 22. Rxe7 Qxe7 23. Nb3 a4 24. Re1 Qc7 25. Nc5 b5 26. Qd2 Kg7 27. Qe3 Rh8 28. f4 f5 29. Qd2 Rh4 30. Re5 f6
31. Rxd5
1-0

[Event "The Third Jerusalem Open"]
[Site "SchemingMind.com"]
[Date "2009.02.22"]
[Round "-"]
[White "CenturyBugs"]
[Black "Artur"]
[Result "1-0"]
[WhiteCountry "ENG"]
[BlackCountry "POL"]
[WhiteElo "1903"]
[WhiteRD "74"]
[BlackElo "1771"]
[BlackRD "94"]
[GameID "192989"]

1. Nf3 d5 2. d4 Nc6 3. c4 e6 4. cxd5 exd5 5. Nc3 Nf6 6. Bg5 Be7 7. e3 O-O 8. Be2 Re8 9. O-O Ne4 10. Bxe7 Rxe7
11. Qb3 Nxd4 12. Nxd4 Nd2 13. Qxd5 Rd7 14. Qc5 Nxf1 15. Rxf1 b6 16. Qc6 Rb8 17. Qa4 Ra8 18. Bf3 c5 19. Bxa8 cxd4 20. exd4 Rxd4
21. Qxa7
1-0

[Event "The Third Jerusalem Open"]
[Site "SchemingMind.com"]
[Date "2009.02.19"]
[Round "-"]
[White "Phillip Beckett"]
[Black "reptile"]
[Result "0-1"]
[WhiteCountry "ENG"]
[BlackCountry "ISR"]
[WhiteElo "1608"]
[WhiteRD "59"]
[BlackElo "1910"]
[BlackRD "76"]
[GameID "193239"]

1. e4 e5 2. Nf3 Nf6 3. Nxe5 Qe7 4. Nf3 Qxe4+ 5. Qe2 Qxe2+ 6. Bxe2 d5 7. d3 Bd6 8. Nc3 c6 9. Bg5 Ng4 10. h3 Ne5
11. Nxe5 Bxe5 12. Bd2 Be6 13. O-O-O Nd7 14. Bf3 O-O 15. Rhe1 Bf6 16. a3 b5 17. Ne2 Ne5 18. Ng1 Nxf3 19. Nxf3 h6 20. Ne5 c5
21. Bf4 a5 22. Ng4 Be7 23. Ne5 Bd6 24. Ng6 Rfd8 25. Bxd6 Rxd6 26. Nf4 a4 27. Nxe6 Rxe6 28. Rxe6 fxe6 29. Re1 Kf7 30. Kd2 Kf6
31. Re3 b4 32. Rf3+= Ke7 33. c4 bxa3 34. bxa3 d4 35. Rg3 g5 36. h4 gxh4 37. Rh3 Rg8 38. Rxh4 Rxg2 39. Rxh6 Rxf2+ 40. Kc1 Ra2
41. Rh5 Rxa3 42. Rxc5 Rxd3 43. Ra5 a3 44. Kc2 Rc3+
0-1

[Event "The Third Jerusalem Open"]
[Site "SchemingMind.com"]
[Date "2009.02.21"]
[Round "-"]
[White "Phillip Beckett"]
[Black "nikita68"]
[Result "0-1"]
[WhiteCountry "ENG"]
[BlackCountry "RUS"]
[WhiteElo "1620"]
[WhiteRD "56"]
[BlackElo "1951"]
[BlackRD "94"]
[GameID "193240"]

1. e4 c5 2. Nf3 d6 3. d4 cxd4 4. Nxd4 Nf6 5. Nc3 a6 6. Bg5 e6 7. f4 Qb6 8. Nb3 Be7 9. Qf3 Nbd7 10. O-O-O h6
11. Bh4 O-O 12. Bd3 Qc7 13. Rhe1 e5 14. f5 b5 15. g4 Bb7 16. g5 hxg5 17. Bxg5 Nxe4 18. Bxe7 Nxc3 19. bxc3 Bxf3
0-1

[Event "The Third Jerusalem Open"]
[Site "SchemingMind.com"]
[Date "2009.02.20"]
[Round "-"]
[White "Phillip Beckett"]
[Black "Artur"]
[Result "0-1"]
[WhiteCountry "ENG"]
[BlackCountry "POL"]
[WhiteElo "1608"]
[WhiteRD "59"]
[BlackElo "1862"]
[BlackRD "99"]
[GameID "193242"]

1. e4 e5 2. Nf3 Nf6 3. Nxe5 d6 4. Nf3 Nxe4 5. Qe2 Qe7 6. d3 Nf6 7. Bg5 Nbd7 8. Nc3 Qxe2+ 9. Bxe2 g6 10. O-O-O Bg7
11. Rhe1 O-O 12. h3 Nc5 13. Bf1 Ne6 14. Bd2 Bd7 15. Ne4 Bc6 16. Nxf6+ Bxf6 17. Be2 a5 18. Bc3 Bxc3 19. bxc3 b5 20. d4 Nf4
21. Bf1 Bxf3 22. gxf3 c6 23. Re4 Nd5 24. Kd2 b4 25. Rde1 bxc3+ 26. Kd3 Rab8 27. h4 Rb2 28. Ra1 Rfb8 29. Kc4 Rxc2
0-1

[Event "The Third Jerusalem Open"]
[Site "SchemingMind.com"]
[Date "2009.02.20"]
[Round "-"]
[White "reptile"]
[Black "Phillip Beckett"]
[Result "1-0"]
[WhiteCountry "ISR"]
[BlackCountry "ENG"]
[WhiteElo "1910"]
[WhiteRD "76"]
[BlackElo "1608"]
[BlackRD "59"]
[GameID "193243"]

1. d4 d5 2. c4 e6 3. Nc3 Nf6 4. cxd5 exd5 5. Bg5 Be7 6. Nf3 h6 7. Bxf6 Bxf6 8. e3 O-O 9. Bd3 c6 10. h3 Nd7
11. O-O Re8 12. b4 a6 13. Rb1 Nf8 14. a4 Be6 15. Qc2 Qd7 16. Kh2 Be7 17. Ne5 Bd6 18. f4 Qe7 19. a5 f6 20. Nf3 Qd7
21. Nh4 g5 22. Nf5 gxf4 23. Nxd6 Qxd6 24. exf4 Qd7 25. Na4 Qc8 26. Nb6
1-0

[Event "The Third Jerusalem Open"]
[Site "SchemingMind.com"]
[Date "2009.02.21"]
[Round "-"]
[White "nikita68"]
[Black "Phillip Beckett"]
[Result "1-0"]
[WhiteCountry "RUS"]
[BlackCountry "ENG"]
[WhiteElo "1919"]
[WhiteRD "91"]
[BlackElo "1626"]
[BlackRD "58"]
[GameID "193244"]

1. d4 d5 2. c4 e6 3. Nc3 Nf6 4. cxd5 exd5 5. Bg5 Be7 6. e3 h6 7. Bxf6 Bxf6 8. Nf3 c6 9. Bd3 Nd7 10. Qc2 O-O
11. O-O Be7 12. Rfe1 Nf6 13. a3 Bg4 14. Ne5 Be6 15. b4 Nd7 16. Nxd7 Qxd7 17. Ne2 Bd6 18. Rab1 Bg4 19. f3 Be6 20. Bh7+ Kh8
21. Bd3 a5 22. Nf4 axb4 23. axb4 Qc7 24. g3 g5 25. Nxe6 fxe6 26. f4 gxf4 27. exf4 Qf7 28. b5 Rac8 29. bxc6 bxc6 30. Kh1 c5
31. Rb6 cxd4 32. Qf2 Bc5 33. Rbxe6 Kg7 34. Qe2 Rh8 35. Rg6+ Kf8 36. Qe5 Re8 37. Qxh8+
1-0

[Event "The Third Jerusalem Open"]
[Site "SchemingMind.com"]
[Date "2009.02.21"]
[Round "-"]
[White "CenturyBugs"]
[Black "Phillip Beckett"]
[Result "1-0"]
[WhiteCountry "ENG"]
[BlackCountry "ENG"]
[WhiteElo "1868"]
[WhiteRD "74"]
[BlackElo "1608"]
[BlackRD "59"]
[GameID "193245"]

1. e4 e5 2. Nf3 Nc6 3. Bc4 Nf6 4. d3 Be7 5. O-O d6 6. Nc3 Bg4 7. Be3 h6 8. h3 Bd7 9. Qd2 O-O 10. a3 Qc8
11. Rfd1 a6 12. Rf1 Nh7 13. Nd5 Bd8 14. Nb4 Na5 15. Ba2 Nc6 16. Nxc6 bxc6 17. Bc4 Kh8 18. d4 exd4 19. Bxd4 c5 20. Bc3 Bf6
21. e5 dxe5 22. Bxe5 Bxe5 23. Nxe5 Be6 24. Rfe1 Bxc4 25. Nxc4 Qf5 26. Re5 Qg6 27. Rxc5 Ng5 28. Ne5 Nxh3+ 29. Kf1 Qd6 30. Rd5 Qf6
31. gxh3 Rfd8 32. Rxd8+ Rxd8 33. Qxd8+
1-0

[Event "The Third Jerusalem Open"]
[Site "SchemingMind.com"]
[Date "2009.02.21"]
[Round "-"]
[White "Artur"]
[Black "Phillip Beckett"]
[Result "0-1"]
[WhiteCountry "POL"]
[BlackCountry "ENG"]
[WhiteElo "1771"]
[WhiteRD "94"]
[BlackElo "1620"]
[BlackRD "56"]
[GameID "193246"]

1. e4 e5 2. Nf3 Nc6 3. Bc4 Nf6 4. O-O Be7 5. Nc3 O-O 6. d4 exd4 7. Nxd4 Nxd4 8. Qxd4 d6 9. Nd5 Nxd5 10. Bxd5 Bf6
11. Qd3 Rb8 12. Qg3 Be5 13. f4 Bd4+ 14. Kh1 Be6 15. Bxe6 fxe6 16. c3 Bf6 17. Be3 e5 18. Rf3 exf4 19. Bxf4 Qe7 20. Re1 Bh4
21. Bxd6 Bxg3 22. Bxe7 Rxf3 23. gxf3 Bxe1 24. Kg2 Re8 25. Bg5 h6 26. Bf4 c6 27. Kf1 Bh4 28. a4 Bg5 29. Bxg5 hxg5 30. h3 Re5
31. b4 Kf7 32. Ke2 a5 33. Kd3 axb4 34. cxb4 Re8 35. a5 Rh8 36. Ke2 Rxh3 37. Ke3 Rh1 38. Kd4 Rb1 39. Kc5 Rf1 40. Kb6 Rxf3
41. Kxb7 g4 42. a6 g3 43. a7 Ra3 44. a8=Q Rxa8 45. Kxa8 g2 46. Kb7 g1=Q 47. Kxc6 Qc1+ 48. Kd6 Qd2+
0-1

[Event "The Third Jerusalem Open"]
[Site "SchemingMind.com"]
[Date "2009.02.25"]
[Round "-"]
[White "GavinD."]
[Black "reptile"]
[Result "0-1"]
[WhiteCountry "RSA"]
[BlackCountry "ISR"]
[WhiteElo "1652"]
[WhiteRD "87"]
[BlackElo "1985"]
[BlackRD "83"]
[GameID "193288"]

1. d4 Nf6 2. c4 e6 3. Nc3 Bb4 4. f3 d5 5. Qc2 dxc4 6. a4 Qxd4 7. e3 Qc5 8. Bd2 O-O 9. Nge2 Nc6 10. Rc1 b6
11. Ng3 Na5 12. Nge4 Nxe4 13. Nxe4 Bxd2+ 14. Nxd2 Qxe3+ 15. Be2 Ba6 16. Qe4 Qxe4 17. fxe4 Bb7
0-1

[Event "The Third Jerusalem Open"]
[Site "SchemingMind.com"]
[Date "2009.02.25"]
[Round "-"]
[White "GavinD."]
[Black "Artur"]
[Result "0-1"]
[WhiteCountry "RSA"]
[BlackCountry "POL"]
[WhiteElo "1663"]
[WhiteRD "83"]
[BlackElo "1814"]
[BlackRD "88"]
[GameID "193291"]

1. d4 d5 2. c4 e6 3. Nc3 Nf6 4. Bg5 Nbd7 5. cxd5 exd5 6. Nxd5 Nxd5 7. Bxd8 Bb4+ 8. Qd2 Bxd2+ 9. Kxd2 Kxd8 10. e4 N5f6
11. Bd3 Re8 12. f3 c5 13. Ne2 cxd4 14. Nxd4 Ne5 15. Rac1 Nxd3 16. Kxd3 Be6 17. a3 Kd7
0-1

[Event "The Third Jerusalem Open"]
[Site "SchemingMind.com"]
[Date "2009.02.25"]
[Round "-"]
[White "GavinD."]
[Black "Phillip Beckett"]
[Result "0-1"]
[WhiteCountry "RSA"]
[BlackCountry "ENG"]
[WhiteElo "1663"]
[WhiteRD "83"]
[BlackElo "1648"]
[BlackRD "58"]
[GameID "193292"]

1. d4 d5 2. c4 e6 3. Nc3 Nf6 4. Bg5 Be7 5. cxd5 exd5 6. e3 h6 7. Bh4 c6 8. Bd3 Nbd7 9. f3 O-O 10. Nge2 Re8
11. Qc2 Nf8 12. Nf4 N6d7 13. Bf2 Bd6 14. Nfe2 Nf6 15. O-O Qc7 16. Bg3 Bxg3 17. Nxg3 Rxe3 18. Rfe1 Rxe1+ 19. Rxe1 Be6 20. b4 Re8
21. b5 Bd7 22. Rxe8 Nxe8= 23. bxc6 Bxc6 24. Nf5 Qf4 25. Ne7+ Kh8 26. Nxc6 bxc6 27. Ne2 Qe3+
0-1

[Event "The Third Jerusalem Open"]
[Site "SchemingMind.com"]
[Date "2009.02.25"]
[Round "-"]
[White "reptile"]
[Black "GavinD."]
[Result "1-0"]
[WhiteCountry "ISR"]
[BlackCountry "RSA"]
[WhiteElo "1985"]
[WhiteRD "83"]
[BlackElo "1652"]
[BlackRD "87"]
[GameID "193293"]

1. d4 Nf6 2. c4 c5 3. d5 e6 4. Nc3 exd5 5. cxd5 d6 6. Nf3 g6 7. e4 Bg7 8. h3 O-O 9. Bd3 a6 10. a4 Qc7
11. O-O Nbd7 12. Re1 Re8 13. Nd2 Ne5 14. Nc4 Nxc4 15. Bxc4 Nd7 16. f4 Nb6 17. Ba2 c4 18. Bd2
1-0

[Event "The Third Jerusalem Open"]
[Site "SchemingMind.com"]
[Date "2009.02.25"]
[Round "-"]
[White "Phillip Beckett"]
[Black "GavinD."]
[Result "1-0"]
[WhiteCountry "ENG"]
[BlackCountry "RSA"]
[WhiteElo "1648"]
[WhiteRD "58"]
[BlackElo "1663"]
[BlackRD "83"]
[GameID "193297"]

1. e4 d6 2. d4 Nf6 3. Nc3 g6 4. Nf3 Bg7 5. Be2 O-O 6. O-O e5 7. dxe5 dxe5 8. Qxd8 Rxd8 9. Nxe5 Nxe4 10. Nxe4 Bxe5
11. Bg5 Rf8 12. Bh6 Bg7 13. Bxg7 Kxg7 14. Nc3 Bf5 15. Bf3 c6 16. Be4 Bxe4 17. Nxe4 Nd7 18. Rad1 Nf6 19. Nxf6 Kxf6 20. Rfe1 Rfd8
21. Kf1= b6 22. Ke2 Rxd1 23. Rxd1 Re8+ 24. Kf3 c5 25. Rd7 Re7 26. Rxe7 Kxe7 27. Ke4
1-0

[Event "The Third Jerusalem Open"]
[Site "SchemingMind.com"]
[Date "2009.02.21"]
[Round "-"]
[White "thefriediceman"]
[Black "reptile"]
[Result "1/2-1/2"]
[WhiteCountry "USA"]
[BlackCountry "ISR"]
[WhiteElo "1839"]
[WhiteRD "73"]
[BlackElo "1910"]
[BlackRD "76"]
[GameID "193384"]

1. e4 c5 2. Nf3 Nc6 3. d4 cxd4 4. Nxd4 Nf6 5. Nc3 a6 6. Nxc6 dxc6 7. Qxd8+ Kxd8 8. Be3 e5 9. Bb6+ Ke8 10. O-O-O Be6
11. Kb1 Nd7 12. Be3 Rd8 13. Be2 Nc5 14. Rxd8+ Kxd8 15. Rd1+ Kc7 16. f3 Be7 17. g3 Rd8 18. a3 Rxd1+=
1/2-1/2

[Event "The Third Jerusalem Open"]
[Site "SchemingMind.com"]
[Date "2009.02.21"]
[Round "-"]
[White "thefriediceman"]
[Black "nikita68"]
[Result "0-1"]
[WhiteCountry "USA"]
[BlackCountry "RUS"]
[WhiteElo "1852"]
[WhiteRD "68"]
[BlackElo "1961"]
[BlackRD "86"]
[GameID "193385"]

1. e4 c5 2. Nf3 d6 3. d4 cxd4 4. Nxd4 Nf6 5. Nc3 a6 6. Be3 e5 7. Nb3 Be7 8. f3 Be6 9. Qd2 h5 10. Be2 O-O
11. Nd5 Bxd5 12. exd5 Nbd7 13. c4 Qc7 14. O-O Rac8 15. Rac1 b6 16. f4 Rfe8 17. f5 Ne4 18. Qd3 Nef6 19. Bg5 Qd8 20. Qh3 Nxd5
21. Bxe7 Nxe7 22. Qxh5 Nf6 23. Qh4 b5 24. cxb5 Rxc1 25. Nxc1 axb5 26. Qb4 Qb6+ 27. Kh1 Rb8 28. Qh4 d5 29. Nd3 Qe3 30. Qf2 Qxf2
31. Rxf2 e4 32. Nc5 d4 33. Bd1 d3 34. Rf4 Ned5 35. Rh4 Ne3 36. Bb3 Rc8 37. Nxd3 exd3 38. Kg1 Nfg4 39. Rxg4 Nxg4 40. g3 Rc1+
41. Kg2 d2
0-1

[Event "The Third Jerusalem Open"]
[Site "SchemingMind.com"]
[Date "2009.02.21"]
[Round "-"]
[White "thefriediceman"]
[Black "CenturyBugs"]
[Result "1/2-1/2"]
[WhiteCountry "USA"]
[BlackCountry "ENG"]
[WhiteElo "1887"]
[WhiteRD "70"]
[BlackElo "1957"]
[BlackRD "87"]
[GameID "193386"]

1. e4 c5 2. Nf3 d6 3. d4 cxd4 4. Nxd4 Nf6 5. Nc3 a6 6. f3 g6 7. Be3 Bg7 8. Bc4 Nbd7 9. Qd2 Ne5 10. Bb3 Bd7
11. O-O-O Rc8 12. Bh6 O-O 13. Bxg7 Kxg7 14. Nd5 Nxd5 15. Bxd5 Qb6 16. Qf2 Qc7 17. Bb3 a5 18. a3 a4 19. Bd5 e6 20. Ba2 Qc5
21. Qd2 b5 22. Qe2 b4 23. axb4 Qxb4 24. Qd2 Qb6 25. c3 Rb8 26. Qc2 a3 27. b3 Rfc8 28. Rd2 Qc5 29. Ne2 Rb6 30. Kd1 Qf2
31. Nd4 Qe3 32. c4 Rc7 33. Re1 Qf4 34. g3 Qf6 35. f4 Nc6 36. Nxc6 Rbxc6 37. e5 dxe5 38. Rxe5 Ra6 39. Rd3 Bc6 40. Qd2 Bb7
41. Rd6 Bf3+ 42. Ke1 Rxd6 43. Qxd6 Ra7 44. c5 Bd5 45. Qb6 Qe7 46. Re2 Qb7 47. Qxb7 Rxb7 48. Re3 Kf6 49. Rc3 Ke7 50. Kd2 Kd7
51. Kd3 Kc6 52. Kd4 f6 53. h3 e5+=
1/2-1/2

[Event "The Third Jerusalem Open"]
[Site "SchemingMind.com"]
[Date "2009.02.21"]
[Round "-"]
[White "thefriediceman"]
[Black "Artur"]
[Result "1-0"]
[WhiteCountry "USA"]
[BlackCountry "POL"]
[WhiteElo "1874"]
[WhiteRD "67"]
[BlackElo "1814"]
[BlackRD "88"]
[GameID "193387"]

1. e4 e5 2. Nf3 Nf6 3. Nxe5 d6 4. Nf3 Nxe4 5. d3 Nf6 6. Bg5 Be7 7. Be2 O-O 8. O-O Nc6 9. c4 d5 10. Nc3 d4
11. Bxf6 Bxf6 12. Ne4 Bf5 13. Nxf6+ Qxf6 14. Re1 a5 15. Qd2 a4 16. a3 Na5 17. Bd1 Bd7 18. Re4 Bc6 19. Rf4 Qg6 20. g3 Bxf3
21. Rxf3 Qc6 22. Qf4 Rae8 23. Kg2 Qb6 24. Qd2 Nb3 25. Bxb3 axb3 26. a4 Re6 27. a5 Qa7 28. Qb4 Ra6 29. Qxb3 Rxa5 30. Rxa5 Qxa5
31. Qxb7 c5 32. Qb3 f5 33. h3 Qa8 34. Qd1 g5 35. Kf1 Re8 36. Kg1 Qa5 37. Kg2 Re1 38. Qb3 Qa8 39. g4 fxg4 40. hxg4 h5
41. Kg3 hxg4 42. Kxg4 Rg1+ 43. Rg3 Qc8+ 44. Kxg5 Rxg3+ 45. fxg3 Qd8+ 46. Kg4
1-0

[Event "The Third Jerusalem Open"]
[Site "SchemingMind.com"]
[Date "2009.02.21"]
[Round "-"]
[White "thefriediceman"]
[Black "Phillip Beckett"]
[Result "1/2-1/2"]
[WhiteCountry "USA"]
[BlackCountry "ENG"]
[WhiteElo "1851"]
[WhiteRD "71"]
[BlackElo "1646"]
[BlackRD "61"]
[GameID "193388"]

1. e4 e5 2. Nf3 Nc6 3. Bc4 Nf6 4. d3 Be7 5. O-O d6 6. h3 O-O 7. Bg5 h6 8. Bh4 Nd7 9. Bxe7 Qxe7 10. c3 Nb6
11. Bb3 Na5 12. Bc2 f5 13. exf5 Bxf5 14. Re1 Qd7 15. Kh2 Nc6 16. Na3 Rae8 17. Qd2 a6 18. d4 Bxc2 19. Nxc2 exd4 20. Ncxd4 Nxd4
21. Qxd4 Qf7=
1/2-1/2